00596nam a2200193Ia 4500003000400000005001700004008004100021040000700062041001200069082001800081100005000099245002700149260002600176365001300202906002700215942001200242999001900254952012900273OSt20251103180226.0210423s2008 xx 000 0 und d cAL aEnglish a362.30 bVHAC aVoluntary Health Association Of India9120386 aCaught in a death trap aNew DelhibVHAIc2008 b200cINR aCaught ; death ; trap. 2ddccBK c175942d175942 001040708MSWaSACPGbSACPGd2011-10-17eBook Worldg200.00l0o362.30 VHACpPG022644r2022-08-24 00:00:00w2021-04-26yBK